000 00708cab a2200229 4500
001 ABS56304
008 090401t1996 xxu||||| |||| 00| 0 eng d
035 _a(Sirsi) u22698
041 _aeng
100 _aAllwood, C
245 4 _aThe versatile concrete block
260 _c1996
350 _a0
490 _aFaculty of Building Journal
_vDecember 1996, 11-12(2)
520 _aLooks at why concrete blocks are still one of the most popular building materials particularly in the housing sector.
650 _aBUILT ENVIRONMENT-BUILDING MATERIALS
650 _aCONCRETE BLOCKS
650 _aHOUSE BUILDING
690 _aBUILT ENVIRONMENT-BUILDING MATERIALS
942 _n0
948 _c04/03/1997
999 _c15216
_d15216